000 00615nam a2200205 a 4500
001 000020965
005 20200930011212.0
008 100825s2003 cu 000 f spa d
020 _a9591008406
040 _aDO-SdBNP
_bspa
_cBNPHU
082 _aCu863.44
_bR741h
100 1 _aRojas, Martha,
_d1931-1953
_943911
245 1 3 _aEl harén de Oviedo /
_cMartha Rojas.
260 _aLa Habana :
_bLetras Cubanas,
_c2003.
300 _a516 p. ;
_c21 cm.
500 _aIncluye datos biográficos de la autora en la contraportada
650 4 _aNovela cubana
_92316
650 4 _aLiteratura cubana
_91483
049 _aBNPD
999 _c20468
_d20468